000 00566nam a2200241 a 4500
001 nice12345678
003 IN_TiNIC
005 20260116012746.0
008 050524s1968 caia grp 000 0 ara
020 _a
_c100
082 0 0 _a297.63
_bHAI
100 _aHaikal, M Hussain
245 _aHayat-E-Muhammad
260 _aCairo
_bNahza Co.
_c1968
300 _a634p
500 _aincludes index and biblioraphy
505 2 _aBibliography
650 _aMuhammad, Prophet
700 1 _aHaikal, M Hussain
902 _bSRS
942 _cBK
999 _c8262
_d8262